Responses for Show #7165 - Friday, November 6, 2015

WE ASKED: TV creator Vince Gilligan.

Contestants

[<< previous game]

Sadie Iverson, a graduate student from Ventura, California

Laura Ashby, an attorney from Marietta, Georgia

Mike Barrett, a cashier and writer from Medford, Massachusetts (whose 1-day cash winnings total $20,801)

[next game >>]

Jeopardy! Round responses

NEW KIDS ON THE BLOCK
ONE DIRECTION
IN SINK
BIG TIME RUSH
NEW EDITION
"BOY" BANDS
    $200 11
Secretary of Transportation

Triple Stumper
    $200 6
south

Mike
    $200 13
garbage disposal

Sadie
    $200 18
Canada

Mike
    $200 20
Anne Frank

Laura
    $200 1
The Beach Boys

Mike
    $400 12
Noah

Laura
    $400 7
down

Mike
    $400 14
S.O.S.

Mike
    $400 19
(Mike: What is Oklahoma?)

North Dakota

MikeLaura
    $400 21
Catch-22

Laura
    $400 2
Boyz II Men

Mike
    $600 27
Giada

Laura
    $600 8
southwest

Mike
    $600 15
Teflon

Sadie
    $600 22
Walden

Mike
    $600 3
the Pet Shop Boys

Triple Stumper
    $800 26
(Lester) Holt

Laura
    $800 9
(Sadie: What is northeast?)

left

Sadie
Triple Stumper
    $800 16
Comet

Sadie
    $800 23
(Alex: Good, with less than a minute to go, you're back on the plus side.)

The Exorcist

Mike
    $800 4
the Oak Ridge Boys

Sadie
    $1000 25
the Bayreuth Festival

Triple Stumper
    $1,800 10
(Mike: What is northwest?)

Northeast

Mike
    $1000 17
(Mike: What is Crock-Pot?)

Le Creuset

Mike
Triple Stumper
    $1000 28
[The end-of-round signal sounds.]

the Kimberley diamond mine

Triple Stumper
    $1000 24
Madeline

Mike
    $1000 5
the Backstreet Boys

Sadie

Scores at the first commercial break (after clue 15):

Mike Laura Sadie
$400 $400 $1,800

Scores at the end of the Jeopardy! Round:

Mike Laura Sadie
$1,600 $2,800 $2,600

Double Jeopardy! Round responses

WONDER WOMEN
EUROPEAN LANDMARKS
"UV" PROTECTION
THE FIRST 10 BIBLE BOOKS
GEMS & JEWELRY
A REAL CHARACTER
    $400 7
Marie Curie

Mike
    $400 21
the Arc de Triomphe

Laura
    $400 16
nouveau

Laura
    $400 2
Judges

Laura
    $400 26
(Mike: What are rhinestones?)
...
(Alex: You are right, with less than a minute to go.)

costume jewelry

MikeSadie
    $400 1
(Alex: Yes, that film opens today. Looks like a lot of fun.)

the Red Baron

Laura
    $800 8
Helen Keller

Sadie
    $800 22
Westminster Abbey

Laura
    $800 17
juvenile

Mike
    $800 3
(Mike: What is Deuteronomy?)

Leviticus

MikeLaura
    $800 12
Catwoman

Laura
    $1200 9
the cowboys

Laura
    $1200 23
Barcelona

Triple Stumper
    $1200 20
duvet

Laura
    $1200 4
Joshua

Mike
    $1200 13
Saul Goodman

Mike
    $1600 10
"Wherefore art thou, Romeo?"

Laura
    $1600 24
a crystal

Triple Stumper
    $1600 19
the uvula

Mike
    $1600 5
the 4th

Triple Stumper
    $1600 28
[The end-of-round signal sounds.]

nacre

Mike
    $1600 14
(Alex: I did a bad [*] there. I know.)

Daffy Duck

Sadie
    $2000 11
Coco Chanel

Triple Stumper
    $3,000 25
a clock tower

Laura
    $2000 18
alluvial

Mike
    $2000 6
Samuel

Sadie
    $5,000 27
(Sadie: Um... what is...)
(Alex: Say it. Say it.)
(Sadie: Uh...)
(Alex: Hurry.)
(Sadie: What is an...)

aquamarine

Sadie
    $2000 15
Andy

Laura

Scores at the end of the Double Jeopardy! Round:

Mike Laura Sadie
$9,200 $15,800 $2,400

[wagering suggestions for these scores]

Final Jeopardy! Round responses

CHILDREN'S LIT
(Alex: Remember, folks, as Miss Jane Brodie would say, the crème de la crème of the Jeopardy! players showing up here on Monday for the Tournament of Champions. See you then.)
SadieWho is Mary Poppins?.
$2,400
MikeWho is Mary Poppins?
$6,601
LauraWho is Mary Poppins?
$2,601
Mary Poppins

Final scores:

Mike Laura Sadie
$15,801 $18,401 $4,800
2nd place: $2,000 New champion: $18,401 3rd place: $1,000

Game dynamics:

Coryat scores:

Mike Laura Sadie
$11,000 $14,800 $7,400
17 R,
5 W
(including 1 DD)
18 R
(including 1 DD),
0 W
9 R,
2 W
(including 1 DD)

Combined Coryat: $33,200

[game clues] [game scores] [suggest correction]

Game tape date: 2015-09-16
The J! Archive is created by fans, for fans. Scraping, republication, monetization, and malicious use prohibited; this site may use cookies and collect identifying information. See terms. The Jeopardy! game show and all elements thereof, including but not limited to copyright and trademark thereto, are the property of Jeopardy Productions, Inc. and are protected under law. This website is not affiliated with, sponsored by, or operated by Jeopardy Productions, Inc. Join the discussion at JBoard.tv.